Secret journeys of a lifetime : (Record no. 60684)
[ view plain ]
| 000 -LEADER | |
|---|---|
| fixed length control field | 02614nam a22003377a 4500 |
| 005 - DATE AND TIME OF LATEST TRANSACTION | |
| control field | 20120111110659.0 |
| 010 ## - LCCN (DPL NO) | |
| LC control number | B-482895-902 |
| 020 ## - INTERNATIONAL STANDARD BOOK NUMBER | |
| International Standard Book Number | 9781426206467 |
| 035 ## - SYSTEM CONTROL NUMBER | |
| System control number | B-482895-902 |
| 037 ## - SOURCE OF ACQUISITION | |
| Source of stock number/acquisition | Blue Berry/Ven |
| 082 00 - DEWEY DECIMAL CLASSIFICATION NUMBER | |
| Classification number | 910.4 |
| Edition number | 23 |
| 245 00 - TITLE STATEMENT | |
| Title | Secret journeys of a lifetime : |
| Remainder of title | 500 of the world's best hidden travel gems / |
| Statement of responsibility, etc | introduction by Keith Bellows. |
| 260 ## - PUBLICATION, DISTRIBUTION, ETC. (IMPRINT) | |
| Place of publication, distribution, etc | Washington, D.C. : |
| Name of publisher, distributor, etc | National Geographic, |
| Date of publication, distribution, etc | c2011. |
| 300 ## - PHYSICAL DESCRIPTION | |
| Extent | 319 p. : |
| Other physical details | col. ill., col. maps. ; |
| Dimensions | 31 cm. (Hb) |
| 500 ## - GENERAL NOTE | |
| General note | Includes index. |
| 520 ## - SUMMARY, ETC. | |
| Summary, etc | "Presents 500 off-the-beaten-path travel destinations around the world that are notable for their vistas, wildlife, and historical and cultural significance"--Provided by publisher. |
| 650 #0 - SUBJECT ADDED ENTRY--TOPICAL TERM | |
| Topical term or geographic name as entry element | Tourism |
| Form subdivision | Guidebooks. |
| 700 1# - ADDED ENTRY--PERSONAL NAME | |
| Personal name | Bellows, Keith. |
| 9 (RLIN) | 38860 |
| 710 2# - ADDED ENTRY--CORPORATE NAME | |
| Corporate name or jurisdiction name as entry element | National Geographic Society (U.S.) |
| 9 (RLIN) | 38861 |
| 942 ## - ADDED ENTRY ELEMENTS (KOHA) | |
| Source of classification or shelving scheme | Dewey Decimal Classification |
| Item type | Children Books |
| Classification part | 910.4 |
| Call number suffix | SEC |
| Withdrawn status | Lost status | Not for loan | Collection code | Home library | Current library | Date acquired | Source of acquisition | Cost, normal purchase price | Full call number | Barcode | Copy number | Cost, replacement price | Koha item type |
|---|---|---|---|---|---|---|---|---|---|---|---|---|---|
| Not For Loan | Reference | Central Library | Central Library | 06/11/2012 | Blue Berry/IN8553/28.04.2012/43/20.03.2012/19.06.20121260 | 1860.00 | 910.4 SEC | B-482895 | 1 | 1860.00 | Children Books | ||
| Not For Loan | Reference | Janak Puri | Janak Puri | 06/11/2012 | Blue Berry/IN8553/28.04.2012/43/20.03.2012/19.06.20121260 | 1860.00 | 910.4 SEC | B-482899 | 1 | 1860.00 | Children Books | ||
| Not For Loan | Reference | Karol Bagh | Karol Bagh | 06/11/2012 | Blue Berry/IN8553/28.04.2012/43/20.03.2012/19.06.20121260 | 1860.00 | 910.4 SEC | B-482901 | 1 | 1860.00 | Children Books | ||
| Not For Loan | Reference | Kasturba Gandhi Marg | Kasturba Gandhi Marg | 06/11/2012 | Blue Berry/IN8553/28.04.2012/43/20.03.2012/19.06.20121260 | 1860.00 | 910.4 SEC | B-482897 | 1 | 1860.00 | Children Books | ||
| Not For Loan | Reference | Patel Nagar | Patel Nagar | 06/11/2012 | Blue Berry/IN8553/28.04.2012/43/20.03.2012/19.06.20121260 | 1860.00 | 910.4 SEC | B-482896 | 1 | 1860.00 | Children Books | ||
| Not For Loan | Reference | Peshwa Road | Peshwa Road | 06/11/2012 | Blue Berry/IN8553/28.04.2012/43/20.03.2012/19.06.20121260 | 1860.00 | 910.4 SEC | B-482898 | 1 | 1860.00 | Children Books | ||
| Not For Loan | Reference | Sarojini Nagar | Sarojini Nagar | 06/11/2012 | Blue Berry/IN8553/28.04.2012/43/20.03.2012/19.06.20121260 | 1860.00 | 910.4 SEC | B-482900 | 1 | 1860.00 | Children Books | ||
| Not For Loan | Reference | Shahdara Branch | Shahdara Branch | 06/11/2012 | Blue Berry/IN8553/28.04.2012/43/20.03.2012/19.06.20121260 | 1860.00 | 910.4 SEC | B-482902 | 1 | 1860.00 | Children Books |
